[Event "Novi Sad Vujovic Memorial"]
[Site "Novi Sad"]
[Date "2014.11.20"]
[Round "10"]
[White "Del Rey, Diego"]
[Black "Rossi, Aldo A"]
[Result "1-0"]
[WhiteElo "2379"]
[BlackElo "2301"]
[PlyCount "79"]
[EventDate "2014.11.14"]
[EventType "swiss"]
[EventRounds "10"]
[EventCountry "SRB"]
[SourceTitle "CBM 163 Extra"]
[Source "ChessBase"]
[SourceDate "2014.12.23"]
[SourceVersion "1"]
[SourceVersionDate "2014.12.23"]
[SourceQuality "1"]

1. e4 c5 2. Nf3 Nc6 3. Bb5 Nf6 4. e5 Nd5 5. Nc3 Nc7 6. Bxc6 dxc6 7. h3 Bf5 8. d3 h6 9. 0-0 e6 10. Nd2 Nb5 11. Nce4 Be7 12. a4 Nc7 13. Nc4 0-0 14. Ncd6 Bxd6 15. Nxd6 b6 16. Qf3 Qd7 17. Bd2 Bh7 18. Qg3 Kh8 19. a5 Nd5 20. Ra4 Ne7 21. axb6 Nf5 22. Nxf5 Bxf5 23. Rfa1 Qb7 24. bxa7 Qxb2 25. R4a2 Qb5 26. Qh4 Rfd8 27. Bc3 Qb7 28. Qc4 Qb5 29. Qh4 Qb7 30. Qa4 Rd7 31. Qa6 Qb5 32. Ra5 Qxa6 33. Rxa6 c4 34. dxc4 Bxc2 35. Bb4 Bd3 36. Bc5 Bxc4 37. Rb6 Rdd8 38. Rb7 Rdc8 39. Ra4 Bb5 40. Rf4 1-0

[Event "Locri op 2nd"]
[Site "Locri"]
[Date "2014.04.17"]
[Round "3"]
[White "Arnetta, Maria Teresa"]
[Black "Rossi, Aldo A"]
[Result "0-1"]
[WhiteElo "1998"]
[BlackElo "2260"]
[PlyCount "94"]
[EventDate "2014.04.16"]
[EventType "swiss"]
[EventRounds "7"]
[EventCountry "ITA"]
[SourceTitle "EXT 2017"]
[Source "ChessBase"]
[SourceDate "2016.10.25"]
[SourceVersion "1"]
[SourceVersionDate "2016.10.25"]
[SourceQuality "1"]

1. e4 c5 2. b3 g6 3. Bb2 Nf6 4. Bc4 d6 5. Nc3 Bg7 6. Nd5 e6 7. Nxf6+ Bxf6 8. Bb5+ Bd7 9. Bxf6 Qxf6 10. Bxd7+ Nxd7 11. Nf3 Ne5 12. Nxe5 Qxe5 13. f3 d5 14. d3 Qc3+ 15. Ke2 0-0-0 16. Qd2 Qxd2+ 17. Kxd2 f5 18. Rae1 fxe4 19. fxe4 Rhf8 20. h4 Rf2+ 21. Re2 Rdf8 22. Ke3 d4+ 23. Kd2 Rf1 24. Rxf1 Rxf1 25. Re1 Rf4 26. g3 Rf3 27. Rg1 Rf2+ 28. Kc1 Kd7 29. Rh1 Ke7 30. Kb2 Rg2 31. Rh3 b5 32. Kc1 a5 33. Kb1 h6 34. Kc1 Rg1+ 35. Kb2 Ke8 36. a3 a4 37. bxa4 bxa4 38. Ka2 Ke7 39. Kb2 e5 40. Ka2 Kd6 41. Kb2 c4 42. dxc4 Kc5 43. h5 g5 44. Rh2 Rf1 45. Rd2 Kxc4 46. Rd3 g4 47. Rd2 Rf3 0-1

[Event "Mare di Fano op 2nd"]
[Site "Fano"]
[Date "2013.08.03"]
[Round "8"]
[White "Rebeggiani, Andrea"]
[Black "Rossi, Aldo A"]
[Result "0-1"]
[WhiteElo "1910"]
[BlackElo "2260"]
[PlyCount "104"]
[EventDate "2013.07.29"]
[EventType "swiss"]
[EventRounds "9"]
[EventCountry "ITA"]
[SourceTitle "EXT 2015"]
[Source "ChessBase"]
[SourceDate "2014.11.20"]
[SourceVersion "1"]
[SourceVersionDate "2014.11.20"]
[SourceQuality "1"]

1. d4 Nf6 2. Bf4 c5 3. e3 Qb6 4. Nc3 d6 5. Nf3 Bd7 6. Rb1 cxd4 7. exd4 e6 8. Be2 Be7 9. 0-0 0-0 10. Qd3 Bc6 11. h3 Rc8 12. Rfc1 Nbd7 13. Be3 Qd8 14. Ng5 a6 15. Nge4 Nxe4 16. Nxe4 d5 17. Ng3 Bb5 18. Qd2 Bxe2 19. Qxe2 b5 20. a3 Rab8 21. c3 a5 22. Nh5 g6 23. Nf4 Nb6 24. Nd3 Nc4 25. Bf4 Rb7 26. g3 Rb6 27. h4 Rbc6 28. Ne5 Nxe5 29. dxe5 Qb6 30. h5 b4 31. axb4 axb4 32. Be3 Qb8 33. hxg6 hxg6 34. Bd4 Bc5 35. Qe3 Bxd4 36. cxd4 Qc7 37. Rxc6 Qxc6 38. Kg2 Qc2 39. Rh1 Qe4+ 40. Qxe4 dxe4 41. Re1 Rc2 42. Rxe4 Rxb2 43. Kf3 b3 44. Re1 Rc2 45. Rb1 b2 46. Ke3 g5 47. g4 Kg7 48. f3 Rc3+ 49. Kd2 Rb3 50. Kc2 Rxf3 51. Kxb2 Rd3 52. Re1 Rxd4 0-1

[Event "Mare di Fano op 2nd"]
[Site "Fano"]
[Date "2013.08.02"]
[Round "6"]
[White "Rossi, Aldo A"]
[Black "Gromovs, Sergejs"]
[Result "1-0"]
[WhiteElo "2260"]
[BlackElo "2202"]
[PlyCount "55"]
[EventDate "2013.07.29"]
[EventType "swiss"]
[EventRounds "9"]
[EventCountry "ITA"]
[SourceTitle "EXT 2015"]
[Source "ChessBase"]
[SourceDate "2014.11.20"]
[SourceVersion "1"]
[SourceVersionDate "2014.11.20"]
[SourceQuality "1"]

1. e4 e6 2. b3 d5 3. Bb2 dxe4 4. Nc3 Nf6 5. Qe2 Bb4 6. 0-0-0 Bxc3 7. dxc3 Qe7 8. g4 0-0 9. h4 a5 10. g5 Nfd7 11. Qxe4 a4 12. c4 axb3 13. axb3 Nc6 14. Nf3 e5 15. Bh3 Nc5 16. Qe3 Bxh3 17. Rxh3 Rfe8 18. Rdh1 f6 19. gxf6 gxf6 20. Rg1+ Kh8 21. h5 Ra2 22. Nh4 Rea8 23. Qh6 Ra1+ 24. Kd2 Ne4+ 25. Ke2 Nd4+ 26. Bxd4 Ng3+ 27. Rgxg3 exd4+ 28. Kf3 1-0

[Event "Mare di Fano op 2nd"]
[Site "Fano"]
[Date "2013.07.31"]
[Round "4"]
[White "Rossi, Aldo A"]
[Black "Bonafede, Alessandro"]
[Result "0-1"]
[WhiteElo "2260"]
[BlackElo "2380"]
[PlyCount "54"]
[EventDate "2013.07.29"]
[EventType "swiss"]
[EventRounds "9"]
[EventCountry "ITA"]
[SourceTitle "EXT 2015"]
[Source "ChessBase"]
[SourceDate "2014.11.20"]
[SourceVersion "1"]
[SourceVersionDate "2014.11.20"]
[SourceQuality "1"]

1. e4 c5 2. d4 cxd4 3. c3 dxc3 4. Nxc3 Nc6 5. Nf3 e6 6. Bc4 a6 7. 0-0 Nge7 8. Bg5 h6 9. Be3 Ng6 10. Bb3 Be7 11. Nd5 exd5 12. exd5 Na5 13. d6 Bf6 14. Bxf7+ Kxf7 15. Qd5+ Kf8 16. Qf5 b5 17. Qxg6 Qe8 18. Qg4 Bb7 19. Rfe1 Nc4 20. Bd4 Qf7 21. b3 Bxd4 22. Qxd4 Bxf3 23. bxc4 Bc6 24. Re7 Qf6 25. Rd1 Qxd4 26. Rxd4 g5 27. f4 Rc8 0-1

[Event "Mare di Fano op 2nd"]
[Site "Fano"]
[Date "2013.07.30"]
[Round "2"]
[White "Rossi, Aldo A"]
[Black "Drazic, Sinisa"]
[Result "1/2-1/2"]
[WhiteElo "2260"]
[BlackElo "2464"]
[PlyCount "22"]
[EventDate "2013.07.29"]
[EventType "swiss"]
[EventRounds "9"]
[EventCountry "ITA"]
[SourceTitle "EXT 2015"]
[Source "ChessBase"]
[SourceDate "2014.11.20"]
[SourceVersion "1"]
[SourceVersionDate "2014.11.20"]
[SourceQuality "1"]

1. e4 c5 2. Nf3 d6 3. d4 cxd4 4. Nxd4 Nf6 5. Nc3 g6 6. Be3 Bg7 7. f3 0-0 8. Qd2 Nc6 9. 0-0-0 Nxd4 10. Bxd4 Be6 11. Kb1 a6 1/2-1/2

[Event "Paracin op"]
[Site "Paracin"]
[Date "2009.08.26"]
[Round "9"]
[White "Arandjelovic, Aleksandar Z"]
[Black "Rossi, Aldo A"]
[Result "0-1"]
[WhiteElo "2113"]
[BlackElo "2311"]
[PlyCount "136"]
[EventDate "2009.08.19"]
[EventType "swiss"]
[EventRounds "9"]
[EventCountry "YUG"]
[SourceTitle "CBM 132 Extra"]
[Source "ChessBase"]
[SourceDate "2009.11.03"]
[SourceVersion "1"]
[SourceVersionDate "2009.11.03"]
[SourceQuality "1"]

1. Nf3 d6 2. c4 e5 3. d3 f5 4. g3 Nf6 5. Bg2 Be7 6. Nc3 0-0 7. 0-0 Qe8 8. Bg5 Qh5 9. Bxf6 Bxf6 10. Nd5 Bd8 11. e3 c6 12. Nc3 Nd7 13. Nd2 Qh6 14. f4 g5 15. Ne2 Bb6 16. d4 Qg7 17. Nb3 Bc7 18. a4 Nf6 19. Nd2 Ng4 20. Ra3 exf4 21. exf4 Re8 22. Rff3 Bb6 23. Rad3 Bd7 24. Nf1 Re4 25. h3 Rae8 26. Rd2 Ne3 27. Rxe3 Rxe3 28. Nxe3 Rxe3 29. Rd3 Re8 30. Kh2 Qe7 31. Nc3 Bd8 32. b4 a5 33. d5 axb4 34. dxc6 Bxc6 35. Nd5 Qe2 36. Qd2 Qxd2 37. Rxd2 gxf4 38. gxf4 b3 39. Bf3 Re1 40. Rb2 Bxa4 41. Nc3 Bc6 42. Bd5+ Kf8 43. Rxb3 Re3 44. Ra3 Bxd5 45. cxd5 Rd3 46. Ra8 Ke7 47. Ra3 Kd7 48. Nb5 Rxd5 49. Rb3 Bh4 50. Kg2 Rd2+ 51. Kg1 Bf2+ 52. Kf1 Bc5 53. Rg3 Kc6 54. Nc3 Rf2+ 55. Ke1 Rxf4 56. Ke2 Bd4 57. Nd1 b5 58. Kd3 Be5 59. Rg5 Rf3+ 60. Kc2 b4 61. Rg1 b3+ 62. Kb1 Bd4 63. Rh1 Kb5 64. h4 Rd3 65. h5 Rd2 66. Kc1 Ra2 67. h6 Ra1+ 68. Kd2 b2 0-1

[Event "Paracin op"]
[Site "Paracin"]
[Date "2009.08.24"]
[Round "7"]
[White "Stojkovic, Miroljub"]
[Black "Rossi, Aldo A"]
[Result "1-0"]
[WhiteElo "2226"]
[BlackElo "2311"]
[PlyCount "123"]
[EventDate "2009.08.19"]
[EventType "swiss"]
[EventRounds "9"]
[EventCountry "YUG"]
[SourceTitle "CBM 132 Extra"]
[Source "ChessBase"]
[SourceDate "2009.11.03"]
[SourceVersion "1"]
[SourceVersionDate "2009.11.03"]
[SourceQuality "1"]

1. d4 Nf6 2. Nf3 c5 3. e3 e6 4. Bd3 b6 5. 0-0 Bb7 6. Nbd2 Nc6 7. c3 cxd4 8. exd4 Be7 9. Re1 0-0 10. Ne5 d6 11. Ng4 Nd5 12. Be4 Na5 13. Ne3 Nf6 14. Bxb7 Nxb7 15. d5 e5 16. Nf5 g6 17. Nxe7+ Qxe7 18. Nf3 Ne8 19. Nd4 Qd7 20. Nc6 Nd8 21. Nxd8 Rxd8 22. f4 f6 23. Be3 Ng7 24. Qd2 Rde8 25. fxe5 Rxe5 26. Bf4 Rxe1+ 27. Rxe1 Re8 28. Rxe8+ Nxe8 29. h3 Qe7 30. Qe3 Kf7 31. Kf2 Nc7 32. Qxe7+ Kxe7 33. c4 b5 34. b3 a5 35. a4 bxc4 36. bxc4 Na6 37. Bd2 Nc5 38. Bxa5 Nxa4 39. Ke3 f5 40. h4 Nc5 41. Bb4 Nd7 42. Kd4 Nf6 43. c5 dxc5+ 44. Bxc5+ Kd7 45. Ke5 Ng4+ 46. Kf4 Nf6 47. Ke5 Ng4+ 48. Kd4 Nf6 49. Bb4 Ng4 50. Bd2 Nf6 51. Bf4 Ke8 52. Ke5 Nh5 53. Bh2 Ke7 54. Bg1 Nf6 55. Bc5+ Kf7 56. Bb4 Nd7+ 57. Kd6 Nf6 58. Kc6 Ke8 59. Bc3 Ne4 60. Be5 Kd8 61. d6 h6 62. d7 1-0

[Event "Paracin op"]
[Site "Paracin"]
[Date "2009.08.20"]
[Round "2"]
[White "Rossi, Aldo A"]
[Black "Stanojoski, Zvonko"]
[Result "1/2-1/2"]
[WhiteElo "2311"]
[BlackElo "2483"]
[PlyCount "106"]
[EventDate "2009.08.19"]
[EventType "swiss"]
[EventRounds "9"]
[EventCountry "YUG"]
[SourceTitle "CBM 132 Extra"]
[Source "ChessBase"]
[SourceDate "2009.11.03"]
[SourceVersion "1"]
[SourceVersionDate "2009.11.03"]
[SourceQuality "1"]

1. d4 Nf6 2. c4 c5 3. d5 b5 4. Nf3 bxc4 5. Nc3 g6 6. e4 d6 7. e5 dxe5 8. Nxe5 Bg7 9. Bxc4 0-0 10. 0-0 Nfd7 11. Nxf7 Rxf7 12. d6 Nb6 13. dxe7 Qxe7 14. Re1 Qxe1+ 15. Qxe1 Nxc4 16. Qe4 Nb6 17. Be3 Na6 18. Nd5 Nxd5 19. Qxd5 Bb7 20. Qb3 Rc8 21. Rd1 Nb8 22. Qe6 Bf8 23. h4 Rc6 24. Qe8 Na6 25. Rd8 Nc7 26. Qe5 Ne6 27. Rb8 Rb6 28. Bh6 Rf5 29. Qc3 Bd5 30. Rxf8+ Rxf8 31. Bxf8 Kxf8 32. Qf6+ Kg8 33. b3 Rb7 34. Qe5 Rd7 35. f3 Kf7 36. h5 c4 37. hxg6+ hxg6 38. bxc4 Bxc4 39. Qe4 Bd5 40. Qa4 Rb7 41. Kh2 Kf6 42. Kg3 Rb2 43. Qxa7 Rxa2 44. Qb8 g5 45. Qh8+ Ke7 46. Qe5 Bc4 47. Qe1 Bd5 48. Qc1 Kf7 49. Qc8 Rd2 50. Qc3 Rd4 51. Qc2 Nf4 52. Qf5+ Ke8 53. Qxg5 Ne6 1/2-1/2

[Event "Mainz sim"]
[Site "Mainz"]
[Date "2007.08.13"]
[Round "?"]
[White "Ivanchuk, Vassily"]
[Black "Rossi, Aldo A"]
[Result "1-0"]
[WhiteElo "2762"]
[BlackElo "1559"]
[PlyCount "85"]
[EventDate "2007.08.13"]
[EventType "simul"]
[EventRounds "1"]
[EventCountry "GER"]
[SourceTitle "CBM 119 Extra"]
[Source "ChessBase"]
[SourceDate "2007.09.04"]
[SourceVersion "1"]
[SourceVersionDate "2007.09.04"]
[SourceQuality "1"]

1. c4 Nf6 2. Nc3 d6 3. g3 e5 4. Bg2 Nc6 5. Nf3 g6 6. d4 exd4 7. Nxd4 Nxd4 8. Qxd4 Bg7 9. b3 0-0 10. Bb2 c6 11. Qd2 Be6 12. Rd1 Ne8 13. h4 h5 14. 0-0 Qa5 15. Na4 Qxd2 16. Rxd2 Bh6 17. e3 Rd8 18. Rfd1 Bg4 19. Re1 Bc8 20. Nc5 b6 21. Ne4 Bg7 22. Bxg7 Kxg7 23. Red1 d5 24. cxd5 cxd5 25. Rxd5 Rxd5 26. Rxd5 Bb7 27. Rd4 Bxe4 28. Bxe4 Nf6 29. Bd3 Rc8 30. Bc4 Rc7 31. Kf1 Ng4 32. Ke2 Ne5 33. a4 Nxc4 34. Rxc4 Rxc4 35. bxc4 Kf6 36. e4 Ke5 37. Ke3 f6 38. f3 Ke6 39. Kd4 Kd6 40. f4 a6 41. e5+ fxe5+ 42. fxe5+ Ke6 43. Ke4 1-0

[Event "Porto San Giorgio op 18th"]
[Site "Porto San Giorgio"]
[Date "2006.08.23"]
[Round "3"]
[White "Kohlweyer, Bernd"]
[Black "Rossi, Aldo A"]
[Result "1/2-1/2"]
[WhiteElo "2419"]
[BlackElo "2211"]
[PlyCount "47"]
[EventDate "2006.08.21"]
[EventType "swiss"]
[EventRounds "9"]
[EventCountry "ITA"]
[SourceTitle "CBM 113 Extra"]
[Source "ChessBase"]
[SourceDate "2006.09.14"]
[SourceVersion "1"]
[SourceVersionDate "2006.09.14"]
[SourceQuality "1"]

1. d4 d6 2. e4 Nf6 3. Nc3 Nbd7 4. g4 h6 5. h3 e5 6. Nge2 Be7 7. Bg2 Nh7 8. 0-0 g5 9. Ng3 Nhf8 10. Nf5 Ng6 11. a4 Bf6 12. a5 a6 13. Ra3 Kf8 14. Nd5 Nb8 15. dxe5 Bxe5 16. f4 gxf4 17. Nxf4 Nxf4 18. Bxf4 Bxf4 19. Rxf4 Nc6 20. Raf3 Ne5 21. Rf1 Be6 22. Nd4 Kg7 23. Nf5+ Kf8 24. Nd4 1/2-1/2

[Event "Campobasso op 13th"]
[Site "Campobasso"]
[Date "2006.07.23"]
[Round "6"]
[White "Madan, Augustin"]
[Black "Rossi, Aldo A"]
[Result "1-0"]
[WhiteElo "2411"]
[BlackElo "2211"]
[PlyCount "137"]
[EventDate "2006.07.21"]
[EventType "swiss"]
[EventRounds "6"]
[EventCountry "ITA"]
[SourceTitle "CBM 113 Extra"]
[Source "ChessBase"]
[SourceDate "2006.09.14"]
[SourceVersion "1"]
[SourceVersionDate "2006.09.14"]
[SourceQuality "1"]

1. e4 d6 2. d4 Nf6 3. Nc3 Nbd7 4. Nf3 e5 5. Bc4 Be7 6. 0-0 h6 7. a4 c6 8. a5 Qc7 9. Re1 0-0 10. h3 Re8 11. Be3 Bf8 12. Bb3 exd4 13. Bxd4 Ne5 14. Be3 Ng6 15. Bd4 Ne5 16. Nd2 Be6 17. Bxe6 Rxe6 18. f4 Ned7 19. Qf3 Ree8 20. Nf1 g6 21. g4 Bg7 22. Kg2 a6 23. Nd2 Re7 24. Nb3 Rae8 25. Bf2 Nh7 26. Bd4 Nhf6 27. Re2 Rc8 28. Bf2 Nh7 29. Rd1 Rce8 30. Bd4 Nhf6 31. h4 Rd8 32. g5 hxg5 33. hxg5 Nh5 34. Bxg7 Nxg7 35. Red2 Nf8 36. Ne2 Nh5 37. Ng3 Nxg3 38. Kxg3 Rde8 39. Re1 d5 40. e5 Ne6 41. Rh2 Rd7 42. Qg4 Ng7 43. Reh1 Kf8 44. Nc5 Rdd8 45. Qf3 Nf5+ 46. Kg4 Qc8 47. e6 Rxe6 48. Nxe6+ Qxe6 49. Re2 Ne3+ 50. Kg3 d4 51. c3 c5 52. cxd4 cxd4 53. Rh8+ Ke7 54. Qxb7+ Rd7 55. Qf3 Rc7 56. Rd2 Rc6 57. Rb8 Rc7 58. Rb6 Nf5+ 59. Kh2 Qc4 60. Qe2+ Qxe2+ 61. Rxe2+ Kd7 62. Rd2 Rc6 63. Kg2 Rxb6 64. axb6 Kc6 65. Kf3 Kxb6 66. Ke4 Kc5 67. Rc2+ Kb4 68. Kd3 Kb3 69. Rc7 1-0

[Event "Piacenza op 1st"]
[Site "Piacenza"]
[Date "2005.11.05"]
[Round "2"]
[White "Brigati, Alessandro"]
[Black "Rossi, Aldo A"]
[Result "0-1"]
[WhiteElo "2006"]
[BlackElo "2198"]
[PlyCount "108"]
[EventDate "2005.11.04"]
[EventType "swiss"]
[EventRounds "5"]
[EventCountry "ITA"]
[SourceTitle "CBM 109 Extra"]
[Source "ChessBase"]
[SourceDate "2006.01.03"]
[SourceVersion "2"]
[SourceVersionDate "2006.01.03"]
[SourceQuality "1"]

1. d4 d6 2. c4 e5 3. dxe5 dxe5 4. Qxd8+ Kxd8 5. Nc3 c6 6. Nf3 f6 7. e4 Bc5 8. Be2 Be6 9. 0-0 a5 10. Na4 Na6 11. Bd2 b6 12. Rfd1 Kc7 13. Bc3 Bg4 14. h3 Bxf3 15. Bxf3 Nh6 16. Nxc5 Nxc5 17. b3 Rad8 18. Kf1 Nf7 19. Ke2 Ng5 20. Ke3 Nxf3 21. Kxf3 Ne6 22. g3 Nd4+ 23. Bxd4 Rxd4 24. Rac1 Rhd8 25. Rxd4 Rxd4 26. Ke3 Kd6 27. a3 Kc5 28. f4 Kd6 29. f5 g6 30. fxg6 hxg6 31. Rf1 Ke6 32. g4 a4 33. Rb1 axb3 34. Rxb3 Rxc4 35. Rxb6 Kd6 36. Rb3 g5 37. Kf3 Kc5 38. Rd3 Rd4 39. Rc3+ Kd6 40. Ke3 c5 41. Rb3 Kc6 42. Kf3 Ra4 43. Ke3 c4 44. Rc3 Kc5 45. Kd2 Kd4 46. Re3 Ra6 47. Rc3 Rb6 48. Rc2 Rb3 49. Kc1 Rxa3 50. Rf2 Rxh3 51. Rxf6 Rg3 52. Rd6+ Kxe4 53. Rc6 Kd5 54. Rc8 Rxg4 0-1

[Event "Piacenza op 1st"]
[Site "Piacenza"]
[Date "2005.11.05"]
[Round "3"]
[White "Rossi, Aldo A"]
[Black "Meijers, Viesturs"]
[Result "0-1"]
[WhiteElo "2198"]
[BlackElo "2507"]
[PlyCount "66"]
[EventDate "2005.11.04"]
[EventType "swiss"]
[EventRounds "5"]
[EventCountry "ITA"]
[SourceTitle "CBM 109 Extra"]
[Source "ChessBase"]
[SourceDate "2006.01.03"]
[SourceVersion "2"]
[SourceVersionDate "2006.01.03"]
[SourceQuality "1"]

1. d4 Nf6 2. Nf3 e6 3. Bf4 b6 4. e3 Bb7 5. Bd3 c5 6. c3 Be7 7. h3 a6 8. Qe2 d5 9. Ne5 Ne4 10. 0-0 Nd6 11. Nd2 Nd7 12. Rad1 Nf6 13. Bg5 h6 14. Bxf6 Bxf6 15. Bc2 Qc7 16. Ng4 Be7 17. Ne5 b5 18. a4 c4 19. axb5 axb5 20. Ra1 0-0 21. e4 b4 22. exd5 Bxd5 23. cxb4 Nb5 24. Ndf3 Bxb4 25. Rac1 Bd6 26. Rfd1 Rfc8 27. Bb1 Rab8 28. h4 f6 29. Ng6 Bf4 30. Nxf4 Qxf4 31. Qd2 Qg4 32. Ne1 Qxh4 33. Qc2 f5 0-1

[Event "Porto San Giorgio op 17th"]
[Site "Porto San Giorgio"]
[Date "2005.08.24"]
[Round "3"]
[White "Kohlweyer, Bernd"]
[Black "Rossi, Aldo A"]
[Result "1-0"]
[WhiteElo "2423"]
[BlackElo "2154"]
[PlyCount "37"]
[EventDate "2005.08.22"]
[EventType "swiss"]
[EventRounds "9"]
[EventCountry "ITA"]
[SourceTitle "CBM 108 Extra"]
[Source "ChessBase"]
[SourceDate "2005.11.04"]
[SourceVersion "1"]
[SourceVersionDate "2005.11.04"]
[SourceQuality "1"]

1. d4 Nf6 2. c4 Nc6 3. Nf3 e6 4. a3 d6 5. Nc3 g6 6. e4 Bg7 7. Be2 0-0 8. 0-0 Re8 9. d5 exd5 10. cxd5 Nb8 11. Bd3 c5 12. h3 c4 13. Bc2 b5 14. Re1 a6 15. Bf4 Ra7 16. Qd2 Rae7 17. Rad1 Qb6 18. e5 Nh5 19. Be3 1-0

[Event "Falconara Marittima op 2nd"]
[Site "Falconara Marittima"]
[Date "2005.07.22"]
[Round "7"]
[White "Rossi, Aldo A"]
[Black "Stromboli, Carlo"]
[Result "1/2-1/2"]
[WhiteElo "2154"]
[BlackElo "2158"]
[PlyCount "57"]
[EventDate "2005.07.18"]
[EventType "swiss"]
[EventRounds "9"]
[EventCountry "ITA"]
[SourceTitle "EXT 2007"]
[Source "ChessBase"]
[SourceDate "2006.11.23"]
[SourceVersion "1"]
[SourceVersionDate "2006.11.23"]
[SourceQuality "1"]

1. Nf3 Nf6 2. c4 e6 3. g3 b6 4. Bg2 Bb7 5. 0-0 Be7 6. b3 0-0 7. Bb2 c5 8. Nc3 Nc6 9. d4 d5 10. cxd5 exd5 11. dxc5 bxc5 12. Rc1 Nb4 13. a3 d4 14. Na4 Na6 15. Qd3 Qa5 16. Nd2 Bxg2 17. Kxg2 Rab8 18. e3 Rfd8 19. exd4 cxd4 20. Rfe1 Qd5+ 21. f3 Nc5 22. Nxc5 Bxc5 23. b4 Bb6 24. Ne4 Nxe4 25. Rxe4 Rd7 26. Rce1 g6 27. Re8+ Rxe8 28. Rxe8+ Kg7 29. Re2 1/2-1/2

[Event "Falconara Marittima op 2nd"]
[Site "Falconara Marittima"]
[Date "2005.07.21"]
[Round "6"]
[White "Rinaudo, Andrea"]
[Black "Rossi, Aldo A"]
[Result "1/2-1/2"]
[WhiteElo "2130"]
[BlackElo "2154"]
[PlyCount "45"]
[EventDate "2005.07.18"]
[EventType "swiss"]
[EventRounds "9"]
[EventCountry "ITA"]
[SourceTitle "EXT 2007"]
[Source "ChessBase"]
[SourceDate "2006.11.23"]
[SourceVersion "1"]
[SourceVersionDate "2006.11.23"]
[SourceQuality "1"]

1. e4 c5 2. Nf3 d6 3. Bb5+ Bd7 4. Bxd7+ Qxd7 5. c4 Nc6 6. Nc3 Nf6 7. d4 cxd4 8. Nxd4 g6 9. f3 Bg7 10. Be3 0-0 11. 0-0 Qd8 12. Qd2 Qa5 13. b3 Rfd8 14. Rfd1 Nd7 15. Rac1 Nxd4 16. Bxd4 Bxd4+ 17. Qxd4 Qc5 18. Nd5 Kf8 19. Kf1 Qxd4 20. Rxd4 Rac8 21. Rcd1 Nc5 22. Nc3 Ne6 23. R4d3 1/2-1/2

[Event "Falconara Marittima op 2nd"]
[Site "Falconara Marittima"]
[Date "2005.07.21"]
[Round "5"]
[White "Rossi, Aldo A"]
[Black "Rago, Riccardo"]
[Result "1-0"]
[WhiteElo "2154"]
[BlackElo "2111"]
[PlyCount "80"]
[EventDate "2005.07.18"]
[EventType "swiss"]
[EventRounds "9"]
[EventCountry "ITA"]
[SourceTitle "EXT 2007"]
[Source "ChessBase"]
[SourceDate "2006.11.23"]
[SourceVersion "1"]
[SourceVersionDate "2006.11.23"]
[SourceQuality "1"]

1. Nf3 Nf6 2. d4 g6 3. Bf4 Bg7 4. e3 d6 5. h3 0-0 6. Be2 c5 7. Nbd2 b6 8. 0-0 Bb7 9. c3 Nbd7 10. a4 a6 11. Bh2 Ne4 12. Nxe4 Bxe4 13. Nd2 Bb7 14. Re1 Rc8 15. Bf1 h6 16. Nc4 d5 17. Nd2 e5 18. dxe5 Nxe5 19. e4 d4 20. f4 dxc3 21. bxc3 Nd3 22. Re3 c4 23. Nxc4 Rxc4 24. Rxd3 Qc8 25. e5 Rxc3 26. Rxc3 Qxc3 27. Qe1 Qd4+ 28. Kh1 Rc8 29. Rd1 Qxa4 30. e6 Re8 31. f5 gxf5 32. exf7+ Kxf7 33. Bc4+ Kg6 34. Qf1 Qa5 35. Bg1 Qc3 36. Rd3 Qe1 37. Rd6+ Kh7 38. Qxf5+ Kh8 39. Bd3 Kg8 40. Rd7 Bc6 1-0

[Event "Falconara Marittima op 2nd"]
[Site "Falconara Marittima"]
[Date "2005.07.19"]
[Round "2"]
[White "Gromovs, Sergejs"]
[Black "Rossi, Aldo A"]
[Result "1-0"]
[WhiteElo "2375"]
[BlackElo "2154"]
[PlyCount "147"]
[EventDate "2005.07.18"]
[EventType "swiss"]
[EventRounds "9"]
[EventCountry "ITA"]
[SourceTitle "EXT 2007"]
[Source "ChessBase"]
[SourceDate "2006.11.23"]
[SourceVersion "1"]
[SourceVersionDate "2006.11.23"]
[SourceQuality "1"]

1. d4 Nf6 2. Nf3 c5 3. d5 e6 4. c4 exd5 5. cxd5 d6 6. Nc3 g6 7. Bg5 Bg7 8. e4 a6 9. a4 Bg4 10. Qb3 Bxf3 11. Qxb7 Nbd7 12. gxf3 0-0 13. Qb3 Rb8 14. Qc2 Qb6 15. Ra2 Nh5 16. a5 Qb7 17. Be2 Rfe8 18. 0-0 Be5 19. Qd2 f6 20. Be3 g5 21. f4 Nxf4 22. Bg4 Nf8 23. Ne2 N8g6 24. Bxf4 Nxf4 25. Nxf4 Bxf4 26. Qe2 Qb4 27. Bf5 Qb7 28. Rd1 Re7 29. Rd3 Qb5 30. Qd1 Qc4 31. Ra1 Rxb2 32. Rh3 Reb7 33. e5 Bxe5 34. Qh5 Rb1+ 35. Rxb1 Rxb1+ 36. Bxb1 Qc1+ 37. Kg2 Qxb1 38. Qe2 Qf5 39. Rb3 Qf4 40. Qh5 Qe4+ 41. Qf3 Qc4 42. h3 Kg7 43. Qd1 Qe4+ 44. Kg1 c4 45. Qb1 Qxb1+ 46. Rxb1 Bc3 47. Rc1 Bxa5 48. Rxc4 Bb6 49. Rc6 Bc5 50. Rxa6 Kg6 51. Ra8 h5 52. Kg2 h4 53. Kf3 Kf5 54. Re8 Bd4 55. Re6 Be5 56. Ke3 Bf4+ 57. Kf3 Be5 58. Re8 Bf4 59. Re4 Be5 60. Ke3 Kg6 61. f3 f5 62. Ra4 Kf6 63. Ra8 Bf4+ 64. Kd4 Be5+ 65. Kc4 g4 66. fxg4 fxg4 67. hxg4 h3 68. Rh8 h2 69. Rh5 Bf4 70. Kd3 Bg3 71. Ke4 Be5 72. Kf3 Kg6 73. Kg2 Bf4 74. Rf5 1-0

[Event "Campobasso op 12th"]
[Site "Campobasso"]
[Date "2005.07.09"]
[Round "3"]
[White "Rossi, Aldo A"]
[Black "Vuelban, Virgilio"]
[Result "0-1"]
[WhiteElo "2154"]
[BlackElo "2305"]
[PlyCount "72"]
[EventDate "2005.07.08"]
[EventType "swiss"]
[EventRounds "6"]
[EventCountry "ITA"]
[SourceTitle "EXT 2007"]
[Source "ChessBase"]
[SourceDate "2006.11.23"]
[SourceVersion "1"]
[SourceVersionDate "2006.11.23"]
[SourceQuality "1"]

1. d4 Nf6 2. Nf3 g6 3. Bf4 Bg7 4. e3 0-0 5. Be2 d6 6. h3 c5 7. c3 cxd4 8. exd4 Nd5 9. Bh2 Qb6 10. Qb3 Qa5 11. Nbd2 Nb6 12. 0-0 Nc6 13. Qb5 Qxb5 14. Bxb5 a6 15. Bxc6 bxc6 16. Rfe1 Ra7 17. Re2 Rd8 18. Rae1 Kf8 19. Ne4 Bd7 20. b3 h6 21. c4 Nc8 22. c5 Be6 23. cxd6 exd6 24. Rc2 Bd5 25. Ned2 Re7 26. Rcc1 f5 27. h4 Bf6 28. Bf4 Rh7 29. Re2 Kf7 30. Ree1 Rg8 31. Nc4 Bxc4 32. bxc4 g5 33. hxg5 hxg5 34. Bxg5 Bxg5 35. Nxg5+ Rxg5 36. Re2 Rgh5 0-1